000 00256pab a2200109 454500
008 180718b xxu||||| |||| 00| 0 eng d
100 _aAnand, Mulk Raj
245 _aOne cheer for Indian democracy
650 _aLegislature
773 _aTribune
909 _a24135
999 _c24135
_d24135